[Event "III Festival A"]
[Site "Forni di Sopra ITA"]
[Date "2012.06.16"]
[Round "1"]
[White "Vasquez Ramirez, Rocio"]
[Black "Lalith, Babu M.R."]
[Result "0-1"]
[WhiteElo "2149"]
[BlackElo "2529"]
[PlyCount "48"]
[EventDate "2012.06.16"]

1. e4 c6 2. d4 d5 3. exd5 cxd5 4. Nf3 Nc6 5. c4 Nf6 6. Nc3 e6 7. a3 Be7 8. Bd3
dxc4 9. Bxc4 O-O 10. O-O a6 11. b4 Nd5 12. Bb2 b5 13. Bb3 Nxc3 14. Bxc3 Bf6 15.
Rc1 Ne7 16. Ne5 Nd5 17. Bb2 Bb7 18. Bc2 Nf4 19. f3 Bxe5 20. dxe5 Qg5 21. g3
Rad8 22. Qe1 Rd2 23. Bc3 Rg2+ 24. Kh1 Qh5 0-1

[Event "III Festival A"]
[Site "Forni di Sopra ITA"]
[Date "2012.06.16"]
[Round "1"]
[White "Vesce, Emanuele"]
[Black "Basso, Pier Luigi"]
[Result "1/2-1/2"]
[WhiteElo "1849"]
[BlackElo "2181"]
[PlyCount "76"]
[EventDate "2012.06.16"]

1. e4 c5 2. Nf3 e6 3. c3 d5 4. exd5 exd5 5. Bb5+ Nc6 6. O-O Bd6 7. d4 Nge7 8.
Nbd2 O-O 9. dxc5 Bxc5 10. Nb3 Bd6 11. Nbd4 Bg4 12. Qd3 Qc7 13. h3 Bh5 14. Ba4
Bg6 15. Qd1 a6 16. Bc2 Rfe8 17. Bxg6 hxg6 18. Bg5 Na5 19. Qc2 Nec6 20. Rad1
Rac8 21. Nb3 Be7 22. Bxe7 Nxe7 23. Nxa5 Qxa5 24. Qb3 b5 25. Rfe1 Qc7 26. Re5
Rcd8 27. Rde1 Qd7 28. Qa3 Kf8 29. Ng5 f6 30. Ne6+ Kg8 31. R5e2 Rb8 32. Nc5 Qa7
33. Nxa6 Rb7 34. Qa5 Kf7 35. Qa3 Ra8 36. Re6 Nf5 37. Qb4 Rc8 38. Qb3 Ne7 1/2-1/2

[Event "III Festival A"]
[Site "Forni di Sopra ITA"]
[Date "2012.06.16"]
[Round "1"]
[White "Zamengo, Fulvio"]
[Black "Welling, Gerard"]
[Result "0-1"]
[WhiteElo "2045"]
[BlackElo "2333"]
[PlyCount "58"]
[EventDate "2012.06.16"]

1. e4 g6 2. d4 Bg7 3. c4 d6 4. Nc3 Nf6 5. f3 O-O 6. Be3 Nbd7 7. Bd3 c5 8. d5
Ne5 9. Nge2 e6 10. O-O exd5 11. cxd5 Rb8 12. a4 b6 13. b3 a6 14. Qd2 Nxd3 15.
Qxd3 Nd7 16. Ra2 Ne5 17. Qd2 b5 18. axb5 axb5 19. Bh6 Bxh6 20. Qxh6 b4 21. Nd1
c4 22. Nd4 Qb6 23. Qe3 Ba6 24. Rff2 cxb3 25. Ra1 Nc4 26. Qxb3 Qxd4 27. Rxa6 Ra8
28. Ra4 Nd2 29. Qxb4 Nxf3+ 0-1

[Event "III Festival A"]
[Site "Forni di Sopra ITA"]
[Date "2012.06.17"]
[Round "2"]
[White "Basso, Pier Luigi"]
[Black "Balzano, Filli"]
[Result "1-0"]
[WhiteElo "2181"]
[BlackElo "1913"]
[PlyCount "57"]
[EventDate "2012.06.16"]

1. a3 e5 2. c4 Nf6 3. Nc3 c6 4. d4 e4 5. Bg5 d5 6. cxd5 cxd5 7. Bxf6 gxf6 8.
Qb3 Nc6 9. Qxd5 Be6 10. Qxd8+ Rxd8 11. e3 f5 12. Nge2 Bh6 13. g3 Ke7 14. b4
Rhg8 15. Bh3 Bg7 16. Rd1 Nb8 17. O-O Na6 18. d5 Bd7 19. d6+ Kf8 20. Nd4 Bxd4
21. Rxd4 Kg7 22. Nd5 Bb5 23. Rc1 Rxd6 24. Ne7 Rxd4 25. Nxf5+ Kg6 26. Nxd4 Bd3
27. b5 Nb8 28. Rc7 a6 29. b6 1-0

[Event "III Festival A"]
[Site "Forni di Sopra ITA"]
[Date "2012.06.17"]
[Round "2"]
[White "Bruno, Fabio"]
[Black "Salgado Lopez, Ivan"]
[WhiteElo "2447"]
[BlackElo "2623"]
[Result "0-1"]
[PlyCount "84"]
[EventDate "2012.06.16"]

1. d4 Nf6 2. Nf3 b6 3. e3 g6 4. c4 Bg7 5. Nc3 O-O 6. Bd3 d6 7. O-O Nbd7 8. Rb1
e5 9. b4 Re8 10. Be2 e4 11. Nd2 c6 12. Qc2 Qe7 13. Nb3 Nf8 14. c5 d5 15. b5 Bd7
16. a4 Ne6 17. Ba3 Qd8 18. cxb6 axb6 19. bxc6 Bxc6 20. Nb5 Qd7 21. Nc1 Rec8 22.
Qb3 Ng5 23. Na2 Bxb5 24. Qxb5 Rxa4 25. h4 Ne6 26. Qxd7 Nxd7 27. Bb5 Rxa3 28.
Bxd7 Rc7 29. Bxe6 fxe6 30. Nb4 Bf6 31. Ra1 Ra5 32. Na6 Ra7 33. Rxa5 bxa5 34.
Nc5 Kf7 35. Na4 Bxh4 36. Rb1 Be7 37. Rb6 h5 38. f3 exf3 39. gxf3 Rc7 40. Ra6
Bb4 41. e4 dxe4 42. fxe4 Rc4 0-1

[Event "III Festival A"]
[Site "Forni di Sopra ITA"]
[Date "2012.06.17"]
[Round "2"]
[White "Castellano, Alfonso"]
[Black "Ceschia, Ivano"]
[Result "0-1"]
[WhiteElo "1988"]
[BlackElo "2329"]
[PlyCount "63"]
[EventDate "2012.06.16"]

1. c4 c5 2. g3 Nf6 3. Bg2 g6 4. Nc3 Bg7 5. Nf3 Nc6 6. O-O O-O 7. d4 cxd4 8.
Nxd4 Ng4 9. e3 Nge5 10. b3 d6 11. Bb2 Bg4 12. f3 Bd7 13. Qd2 Rc8 14. Nd5 e6 15.
Nc3 Na5 16. Ne4 Naxc4 17. bxc4 Nxc4 18. Qe2 d5 19. Nc3 Qb6 20. Rab1 Nxe3 21.
Nxd5 Nxd5 22. Qf2 e5 23. Ba1 Qa6 24. Nb3 Bf5 25. Rbc1 Rxc1 26. Rxc1 Nb4 27. Nc5
Qxa2 28. Qe1 Nc2 29. Qd2 Qa3 30. Nd7 Bxd7 31. Qxc2 Qe3+ 32. Kh1 0-1

[Event "III Festival A"]
[Site "Forni di Sopra ITA"]
[Date "2012.06.17"]
[Round "2"]
[White "Chiarion, Elisa"]
[Black "Fiorido, Giuseppe"]
[Result "0-1"]
[WhiteElo "2012"]
[BlackElo "2127"]
[PlyCount "76"]
[EventDate "2012.06.16"]

1. e4 c6 2. d4 d5 3. e5 Bf5 4. Nc3 e6 5. g4 Bg6 6. Nge2 h6 7. Nf4 Bh7 8. h4 Nd7
9. Bd3 Bxd3 10. Qxd3 Bb4 11. Rh3 Ne7 12. Nh5 g6 13. Ng3 c5 14. f4 cxd4 15. Qxd4
Nc6 16. Qd1 Qb6 17. Bd2 Qg1+ 18. Nf1 Bxc3 19. Rxc3 h5 20. Be3 Qxg4 21. Qxg4
hxg4 22. Bf2 d4 23. Ra3 Nb6 24. O-O-O O-O-O 25. Nd2 Nd5 26. Ne4 Nxf4 27. Nd6+
Rxd6 28. exd6 Kd7 29. Kd2 e5 30. Bg3 Nh5 31. Ke2 e4 32. Kf2 f5 33. Kg2 f4 34.
Bxf4 Nxf4+ 35. Kg3 Nd5 36. Rf1 Kxd6 37. Rf7 e3 38. Rxb7 Rf8 0-1

[Event "III Festival A"]
[Site "Forni di Sopra ITA"]
[Date "2012.06.17"]
[Round "2"]
[White "Cnossen, Wiebe"]
[Black "Vesce, Emanuele"]
[Result "1-0"]
[WhiteElo "2160"]
[BlackElo "1849"]
[PlyCount "59"]
[EventDate "2012.06.16"]

1. d4 Nf6 2. c4 g6 3. Nc3 d5 4. Bg5 Ne4 5. Bf4 Nxc3 6. bxc3 dxc4 7. Nf3 Bg7 8.
e3 O-O 9. Bxc4 c5 10. O-O Nc6 11. Rb1 Qe8 12. Bg3 b6 13. Qe2 Bf5 14. Rbd1 cxd4
15. cxd4 Na5 16. Ba6 Bc8 17. Rc1 Bxa6 18. Qxa6 Qa4 19. Rc7 Qxa2 20. Rxa7 Rxa7
21. Qxa7 Qe6 22. Bc7 Nc4 23. Rb1 Rc8 24. h3 Qf5 25. Rb4 Qd5 26. Bxb6 Qc6 27.
Bc5 Ra8 28. Rb8+ Rxb8 29. Qxb8+ Bf8 30. Bxe7 1-0

[Event "III Festival A"]
[Site "Forni di Sopra ITA"]
[Date "2012.06.17"]
[Round "2"]
[White "De Santis, Alessio"]
[Black "Chandra, Akshat"]
[Result "1-0"]
[WhiteElo "2326"]
[BlackElo "2155"]
[PlyCount "63"]
[EventDate "2012.06.16"]

1. Nf3 Nf6 2. c4 g6 3. b3 Bg7 4. Bb2 O-O 5. g3 d6 6. d4 c5 7. Bg2 d5 8. Nbd2
Ne4 9. cxd5 Nxd2 10. Qxd2 Qxd5 11. O-O Rd8 12. Rfd1 Qh5 13. Qc2 Nc6 14. dxc5
Rxd1+ 15. Rxd1 Bxb2 16. Qxb2 Qxc5 17. b4 Qb6 18. a3 Bf5 19. Ne5 Rc8 20. Nxc6
bxc6 21. Qe5 Qa6 22. Qxe7 Qxa3 23. Bxc6 Qb3 24. Rd8+ Rxd8 25. Qxd8+ Kg7 26.
Qd4+ Kg8 27. Bd5 Qb1+ 28. Kg2 Be6 29. e4 Qc2 30. Qxa7 Bxd5 31. Qb8+ Kg7 32.
Qe5+ 1-0

[Event "III Festival A"]
[Site "Forni di Sopra ITA"]
[Date "2012.06.17"]
[Round "2"]
[White "Dvirnyy, Danyyil"]
[Black "Altini, Nicola"]
[WhiteElo "2515"]
[BlackElo "2288"]
[Result "1/2-1/2"]
[PlyCount "166"]
[EventDate "2012.06.16"]

1. e4 e5 2. Nf3 Nc6 3. Bb5 Nf6 4. O-O Nxe4 5. Re1 Nd6 6. Nxe5 Be7 7. Bd3 Nxe5
8. Rxe5 O-O 9. Nc3 Bf6 10. Re3 g6 11. Nd5 Bg7 12. c3 c6 13. Ne7+ Kh8 14. b3 Ne8
15. Ba3 d6 16. Nxc8 Rxc8 17. Qe2 Nc7 18. Be4 Nb5 19. Bb2 d5 20. Bf3 Nd6 21. Qd3
f5 22. Ba3 Rf7 23. Bxd6 Qxd6 24. Rae1 Qa3 25. h4 Qxa2 26. Bd1 Qa6 27. Re8+ Rf8
28. Rxf8+ Rxf8 29. Qg3 c5 30. h5 gxh5 31. Bxh5 Qh6 32. Re7 Bf6 33. Rf7 Rg8 34.
Qd6 Bg7 35. Qxh6 Bxh6 36. d3 Bd2 37. Rxb7 Bxc3 38. Bf7 Rd8 39. Rxa7 f4 40. Kf1
Bd4 41. Rc7 Ra8 42. Bxd5 Ra2 43. Be4 Rxf2+ 44. Ke1 Kg8 45. Bxh7+ Kf8 46. Be4
Rb2 47. Bd5 Bf2+ 48. Kd1 Be3 49. Be4 Rxb3 50. Ke2 Rb2+ 51. Kf3 Ke8 52. Kg4 Kd8
53. Rh7 Rb4 54. Bd5 Rd4 55. Bc4 Rd7 56. Rh8+ Kc7 57. Rg8 Rh7 58. Kf3 Re7 59.
Bd5 Bd2 60. Be4 Rd7 61. Rg5 Kb6 62. Rg8 Kc7 63. Ra8 Kd6 64. Ra2 Be3 65. g4 Rg7
66. Ra8 Rg5 67. Bf5 Rg7 68. Rd8+ Ke5 69. Be4 Rg5 70. Rd5+ Kf6 71. Bf5 Rg8 72.
Be4 Rg5 73. Rd6+ Kg7 74. Bf5 Kf7 75. Ke4 Rg8 76. Ra6 Re8+ 77. Kf3 Re5 78. Rh6
Bd2 79. Be4 Kg7 80. Rg6+ Kf7 81. Rc6 Be3 82. Kg2 Kg7 83. Kf3 Kf7 1/2-1/2

[Event "III Festival A"]
[Site "Forni di Sopra ITA"]
[Date "2012.06.17"]
[Round "2"]
[White "Formento, Paolo"]
[Black "Boraso, Alessio"]
[Result "0-1"]
[WhiteElo "2155"]
[BlackElo "2057"]
[PlyCount "48"]
[EventDate "2012.06.16"]

1. e4 d5 2. exd5 Nf6 3. d4 Bg4 4. f3 Bf5 5. Bb5+ Nbd7 6. c4 a6 7. Bxd7+ Qxd7 8.
Nc3 b5 9. b3 bxc4 10. bxc4 e6 11. Qb3 exd5 12. Qb7 Rd8 13. c5 Bd3 14. Kd2 Bc4
15. Ba3 Be7 16. Re1 O-O 17. Qb1 c6 18. Re5 Ne8 19. Nge2 Bf6 20. Re3 Nc7 21. Na4
Ne6 22. Bb2 Bg5 23. Qf5 Bxe3+ 24. Kxe3 Rfe8 0-1

[Event "III Festival A"]
[Site "Forni di Sopra ITA"]
[Date "2012.06.17"]
[Round "2"]
[White "Hagesaether, Ellen"]
[Black "Ninov, Nikolai Ivanov"]
[WhiteElo "2252"]
[BlackElo "2471"]
[Result "1/2-1/2"]
[PlyCount "84"]
[EventDate "2012.06.16"]

1. e4 c5 2. Nf3 g6 3. g3 Bg7 4. Bg2 d5 5. exd5 Qxd5 6. O-O Nc6 7. Nc3 Qd7 8. b3
b6 9. Bb2 Bb7 10. Na4 Nd4 11. Nxd4 cxd4 12. Bxb7 Qxb7 13. c3 h5 14. Qe2 Nh6 15.
Rae1 Nf5 16. c4 O-O 17. d3 e5 18. Bc1 Rfe8 19. Nb2 Rad8 20. f3 Nd6 21. Qg2 f5
22. Bg5 Rd7 23. a4 a5 24. Re2 Qc6 25. Nd1 Nb7 26. Nf2 Nc5 27. Rb1 Rf7 28. Bc1
Bf6 29. Ba3 Re6 30. Bxc5 bxc5 31. f4 Qxg2+ 32. Kxg2 Rfe7 33. Rbe1 Kf7 34. fxe5
Rxe5 35. Rxe5 Bxe5 36. Nh3 Kf6 37. Nf4 Rg7 38. h4 Bxf4 39. gxf4 Rb7 40. Re5 Rc7
41. Kf2 Kf7 42. Re2 Re7 1/2-1/2

[Event "III Festival A"]
[Site "Forni di Sopra ITA"]
[Date "2012.06.17"]
[Round "2"]
[White "Happel, Hendrik A."]
[Black "Osmanovic, Faruk"]
[Result "1-0"]
[WhiteElo "2125"]
[BlackElo "2008"]
[PlyCount "115"]
[EventDate "2012.06.16"]

1. d4 Nf6 2. c4 e6 3. Nc3 Bb4 4. Bg5 h6 5. Bh4 Nc6 6. e3 O-O 7. Bd3 d5 8. Nf3
dxc4 9. Bxc4 a6 10. O-O b5 11. Bb3 Be7 12. Qe2 b4 13. Bxf6 gxf6 14. Na4 Kg7 15.
Rac1 Na5 16. Bc2 Bd7 17. Rfd1 Bb5 18. Qe1 Nc4 19. Bb3 Bxa4 20. Rxc4 Bxb3 21.
axb3 Rg8 22. Rdc1 Bd6 23. e4 Bf4 24. R1c2 a5 25. g3 Kh8 26. Kf1 Bd6 27. Qe3 Qf8
28. e5 fxe5 29. dxe5 Be7 30. Rxc7 Rg6 31. Rd7 Bd8 32. Qf4 f5 33. exf6 Qxf6 34.
Qe4 Rb8 35. Ne5 Rg7 36. Rcd2 Bb6 37. f4 Qf5 38. Qxf5 exf5 39. Nc4 Rxd7 40. Rxd7
Bd8 41. Rd5 Ra8 42. Rxf5 Kg7 43. Rd5 Kf7 44. g4 a4 45. bxa4 b3 46. a5 Bf6 47.
Rb5 Rd8 48. Rxb3 Rd4 49. Ne5+ Bxe5 50. fxe5 Ke6 51. a6 Rd8 52. a7 Ra8 53. Ra3
Kxe5 54. Kg2 Kd6 55. Kg3 Kc6 56. Kh4 Kb7 57. Kh5 Kb6 58. Kxh6 1-0

[Event "III Festival A"]
[Site "Forni di Sopra ITA"]
[Date "2012.06.17"]
[Round "2"]
[White "Innocenti, Giovanni"]
[Black "Popa, Claudiu"]
[Result "1-0"]
[WhiteElo "2021"]
[BlackElo "2146"]
[PlyCount "80"]
[EventDate "2012.06.16"]

1. e4 e5 2. Nf3 Nc6 3. d4 exd4 4. Nxd4 Nf6 5. Nxc6 bxc6 6. e5 Nd5 7. c4 Nb6 8.
Bd3 Ba6 9. Qe2 Qh4 10. b3 Bb4+ 11. Bd2 Bxd2+ 12. Nxd2 O-O 13. Nf3 Qf4 14. Qd2
Qxd2+ 15. Kxd2 d5 16. exd6 cxd6 17. Nd4 Bb7 18. Be4 d5 19. cxd5 cxd5 20. Bf3
Rfd8 21. Rac1 Rac8 22. Bg4 Rxc1 23. Rxc1 Bc8 24. Bxc8 Rxc8 25. Rxc8+ Nxc8 26.
Kc3 Nd6 27. f3 Kf8 28. Kb4 Ke8 29. Kc5 Kd7 30. Kxd5 Nc8 31. a4 Ne7+ 32. Kc5 Nc8
33. a5 Nd6 34. b4 g6 35. b5 Nb7+ 36. Kb4 Nd6 37. Nc6 Nc8 38. Kc5 Kc7 39. Nxa7
Nxa7 40. b6+ Kb7 1-0

[Event "III Festival A"]
[Site "Forni di Sopra ITA"]
[Date "2012.06.17"]
[Round "2"]
[White "Laco, Giuseppe"]
[Black "Movileanu, Daniela"]
[Result "0-1"]
[WhiteElo "2105"]
[BlackElo "1984"]
[PlyCount "84"]
[EventDate "2012.06.16"]

1. c4 g6 2. d4 Bg7 3. e4 d6 4. Nc3 Nd7 5. Be3 e5 6. d5 Ne7 7. g4 a5 8. Nge2 Nc5
9. Ng3 b6 10. h4 h6 11. Be2 Bd7 12. Qd2 a4 13. f3 Ng8 14. Kf2 h5 15. gxh5 gxh5
16. Rag1 Bf6 17. Nxh5 Bxh4+ 18. Kf1 Kf8 19. Ng3 Qf6 20. Bf2 Ne7 21. Qc2 Ng6 22.
Rh2 Ke7 23. Rgh1 Rag8 24. Nf5+ Bxf5 25. exf5 Bxf2 26. Kxf2 Rxh2+ 27. Rxh2 Nf4
28. Bf1 Qg5 29. Ke1 Qg3+ 30. Rf2 Rh8 31. Nd1 Nh3 32. Bxh3 Rxh3 33. Ke2 Qf4 34.
b4 axb3 35. axb3 e4 36. f6+ Kd7 37. Qc3 Nd3 38. Qa1 Nc1+ 39. Ke1 Rh1+ 40. Rf1
Nd3+ 41. Ke2 Rh2+ 42. Nf2 Qxf3+ 0-1

[Event "III Festival A"]
[Site "Forni di Sopra ITA"]
[Date "2012.06.17"]
[Round "2"]
[White "Lantini, Marco"]
[Black "Prats Rodriguez, Juan Bosco"]
[Result "1-0"]
[WhiteElo "2147"]
[BlackElo "2029"]
[PlyCount "97"]
[EventDate "2012.06.16"]

1. d4 d5 2. c4 dxc4 3. e3 Nf6 4. Bxc4 e6 5. Nf3 a6 6. Qe2 b5 7. Bd3 Bb7 8. O-O
Nbd7 9. e4 Be7 10. a4 b4 11. Nbd2 c5 12. e5 Nd5 13. Nb3 cxd4 14. Nfxd4 Nc5 15.
Nxc5 Bxc5 16. Bb5+ Kf8 17. Nb3 Be7 18. Bd3 h5 19. a5 g6 20. Bd2 Qb8 21. Rac1
Qa7 22. Be4 Kg7 23. Qf3 Rac8 24. Be3 Qb8 25. Bc5 Bg5 26. Bd6 Qa8 27. Rcd1 Bc6
28. Nd4 Ba4 29. Qg3 Bxd1 30. Rxd1 Kh6 31. Nxe6 fxe6 32. h4 Kg7 33. Qxg5 Rh6 34.
Bxd5 exd5 35. Qf6+ Kg8 36. Qe6+ Kg7 37. Qf6+ Kg8 38. e6 Rf8 39. Bxf8 Qxf8 40.
Qxf8+ Kxf8 41. Rxd5 Ke7 42. Rd4 g5 43. Rxb4 Rxe6 44. Rb7+ Kd8 45. hxg5 Kc8 46.
Rb6 Re5 47. g6 Rd5 48. g7 Rd8 49. Rf6 1-0

[Event "III Festival A"]
[Site "Forni di Sopra ITA"]
[Date "2012.06.17"]
[Round "2"]
[White "Makka, Ioulia"]
[Black "Zamengo, Fulvio"]
[Result "1-0"]
[WhiteElo "2149"]
[BlackElo "2045"]
[PlyCount "141"]
[EventDate "2012.06.16"]

1. e4 e6 2. d4 d5 3. Nc3 Bb4 4. e5 c5 5. Bd2 Nh6 6. Bd3 c4 7. Bf1 Nf5 8. Nce2
Be7 9. f4 Nc6 10. Nf3 Qb6 11. Bc1 Bd7 12. g3 g6 13. Bh3 Nb4 14. O-O h5 15. Ne1
Qa6 16. Bd2 c3 17. bxc3 Nc6 18. Nc1 Na5 19. Ncd3 Nc4 20. Rf2 Rc8 21. Nc1 Ba4
22. Nb3 Qc6 23. Rf3 b6 24. Ng2 Rc7 25. Be1 Ba3 26. Rb1 Qd7 27. Qe2 Kd8 28. Bf2
Kc8 29. Ne1 Rc6 30. Nd3 a5 31. Ne1 Qc7 32. Bf1 Kd7 33. Nd2 b5 34. Nb3 Nb2 35.
Nd3 Nxd3 36. Qxd3 Ne7 37. Nc5+ Bxc5 38. dxc5 Rb8 39. Qd2 Ke8 40. Bd3 Nf5 41.
Qe2 b4 42. cxb4 axb4 43. h3 Rxc5 44. Bxf5 gxf5 45. Bxc5 Qxc5+ 46. Qf2 d4 47.
Rd1 Rd8 48. Rfd3 Qxc2 49. R1d2 Qc1+ 50. Kh2 Bc6 51. Qg1 Qc5 52. Rxd4 Rxd4 53.
Qxd4 Qd5 54. Qxd5 Bxd5 55. Rb2 Ke7 56. Kg1 f6 57. Kf2 fxe5 58. fxe5 Kf7 59. Ke3
h4 60. gxh4 Kg6 61. Kd4 Kh5 62. Kc5 Kxh4 63. Rxb4+ Kxh3 64. a4 Kg3 65. Kd4 f4
66. Rb8 f3 67. Ke3 Kg2 68. Rg8+ Kf1 69. Rf8 Kg2 70. a5 Kf1 71. Rxf3+ 1-0

[Event "III Festival A"]
[Site "Forni di Sopra ITA"]
[Date "2012.06.17"]
[Round "2"]
[White "Mastroddi, Emiliano"]
[Black "Litrico, Paolo"]
[Result "1/2-1/2"]
[WhiteElo "2089"]
[BlackElo "1975"]
[PlyCount "106"]
[EventDate "2012.06.16"]

1. e4 e5 2. Nf3 Nc6 3. d4 exd4 4. Nxd4 Bb4+ 5. c3 Bc5 6. Be3 Bb6 7. Be2 Nf6 8.
Nd2 d6 9. f4 Bd7 10. Bf3 Qe7 11. O-O O-O 12. Qe2 Rae8 13. Rfe1 a6 14. h3 Nxd4
15. Bxd4 Bxd4+ 16. cxd4 Bb5 17. Qf2 b6 18. a4 Bc6 19. g4 Qd8 20. g5 Nd7 21. a5
bxa5 22. Rxa5 Bb5 23. Be2 c6 24. b4 Qb6 25. Bxb5 axb5 26. Rea1 Rb8 27. Ra6 Qc7
28. Qe3 f6 29. Nf3 c5 30. dxc5 dxc5 31. gxf6 gxf6 32. Ra7 Rb7 33. Rxb7 Qxb7 34.
bxc5 Rc8 35. Rc1 Qa7 36. Qb3+ Kg7 37. Qxb5 Rxc5 38. Rxc5 Nxc5 39. Kg2 Nxe4 40.
Qe2 Nc3 41. Qe6 Qf7 42. Qg4+ Qg6 43. Nh4 Qxg4+ 44. hxg4 Nd5 45. Kf3 Ne7 46. Ke4
Kf8 47. Nf3 Kg7 48. Nd4 Kg6 49. Ne6 f5+ 50. gxf5+ Nxf5 51. Nf8+ Kg7 52. Nxh7
Ng3+ 53. Kf3 Nh5 1/2-1/2

[Event "III Festival A"]
[Site "Forni di Sopra ITA"]
[Date "2012.06.17"]
[Round "2"]
[White "Partac, Elena"]
[Black "Picco, Ruggero"]
[Result "0-1"]
[WhiteElo "2129"]
[BlackElo "2015"]
[PlyCount "62"]
[EventDate "2012.06.16"]

1. e4 e5 2. Nf3 Nc6 3. Bb5 f5 4. d3 d6 5. h3 Nf6 6. Nc3 Be7 7. a4 O-O 8. Bc4+
Kh8 9. Ng5 Qe8 10. exf5 Bxf5 11. Ne6 Qg6 12. Be3 Qxg2 13. Kd2 Bxe6 14. Bxe6 Nd4
15. Bg4 Nxg4 16. Qxg4 Rxf2+ 17. Bxf2 Bg5+ 18. Kd1 Qxh1+ 19. Be1 Qh2 20. Ne2
Nxe2 21. Qxe2 Qxh3 22. a5 Rf8 23. Ra3 Rf1 24. Ra4 Bf4 25. Re4 d5 26. a6 b6 27.
Rd4 c6 28. Rxf4 Rxf4 29. Qxe5 Qf3+ 30. Kc1 Rf8 31. b4 Qf4+ 0-1

[Event "III Festival A"]
[Site "Forni di Sopra ITA"]
[Date "2012.06.17"]
[Round "2"]
[White "Pegoraro, Nicola"]
[Black "Bonfa', Ileano"]
[Result "1/2-1/2"]
[WhiteElo "2068"]
[BlackElo "2265"]
[PlyCount "56"]
[EventDate "2012.06.16"]

1. e4 c5 2. Nf3 g6 3. d4 cxd4 4. Nxd4 Nc6 5. Nc3 Bg7 6. Nb3 Bxc3+ 7. bxc3 Nf6
8. Bb2 d5 9. exd5 Qxd5 10. Qxd5 Nxd5 11. O-O-O Nc7 12. Nd4 Bd7 13. c4 Nxd4 14.
Bxd4 Rg8 15. Kb2 Ne6 16. Be3 Nd8 17. c5 Nc6 18. Bb5 O-O-O 19. Bc4 Be8 20. Rxd8+
Nxd8 21. Bg5 e6 22. Re1 Bc6 23. g3 Re8 24. Bf6 Bg2 25. f4 Nc6 26. Bb5 Bd5 27.
a3 Rg8 28. Bxc6 Bxc6 1/2-1/2

[Event "III Festival A"]
[Site "Forni di Sopra ITA"]
[Date "2012.06.17"]
[Round "2"]
[White "Pozzobon, Davide"]
[Black "Bellincampi, Stefano"]
[Result "1-0"]
[WhiteElo "1884"]
[BlackElo "2069"]
[PlyCount "35"]
[EventDate "2012.06.16"]

1. e4 e5 2. Nf3 Nc6 3. d4 exd4 4. Bc4 Nf6 5. O-O Nxe4 6. Re1 d5 7. Bxd5 Qxd5 8.
Nc3 Qh5 9. Nxe4 Be6 10. Bg5 Bd6 11. Nxd6+ cxd6 12. c3 Kd7 13. cxd4 Bg4 14. d5
Rhe8 15. dxc6+ bxc6 16. Qb3 Kc7 17. Bf4 Be6 18. Qa3 1-0

[Event "III Festival A"]
[Site "Forni di Sopra ITA"]
[Date "2012.06.17"]
[Round "2"]
[White "Prakken, Gerrit"]
[Black "Marsili, Riccardo"]
[Result "1-0"]
[WhiteElo "2203"]
[BlackElo "2041"]
[PlyCount "53"]
[EventDate "2012.06.16"]

1. Nf3 c5 2. c4 g6 3. d4 cxd4 4. Nxd4 Nc6 5. Nc2 Bg7 6. e4 Nf6 7. Nc3 O-O 8.
Be2 d6 9. O-O Be6 10. Rb1 Rc8 11. b3 Nd7 12. Bd2 a6 13. Kh1 b5 14. cxb5 Na7 15.
Nd5 Bxd5 16. exd5 Nxb5 17. Nb4 Nc5 18. Nc6 Qd7 19. a4 Nd4 20. b4 Nb7 21. Nxd4
Bxd4 22. Bh6 Bg7 23. Bxg7 Kxg7 24. Bxa6 Rc7 25. Bb5 Qf5 26. Qd4+ Kg8 27. a5 1-0

[Event "III Festival A"]
[Site "Forni di Sopra ITA"]
[Date "2012.06.17"]
[Round "2"]
[White "Rorato, Renzo"]
[Black "Sorbera, Giovanni"]
[Result "0-1"]
[WhiteElo "2053"]
[BlackElo "2153"]
[PlyCount "63"]
[EventDate "2012.06.16"]

1. Nf3 Nf6 2. c4 d5 3. cxd5 Nxd5 4. d4 g6 5. e4 Nb6 6. h3 Bg7 7. Nc3 O-O 8. Be2
Nc6 9. Be3 e6 10. e5 Nd5 11. Bg5 f6 12. exf6 Bxf6 13. Bh6 Re8 14. O-O Nxc3 15.
bxc3 e5 16. Be3 Be6 17. Qa4 exd4 18. cxd4 Bd5 19. Bc4 Kh8 20. Bxd5 Qxd5 21.
Rac1 Rad8 22. Rfd1 Re4 23. Nd2 Rh4 24. Nf3 Re4 25. Nd2 Re7 26. Rc5 Qf7 27. Nf3
Red7 28. Rf1 a6 29. Rfc1 Kg8 30. Qc2 Rd5 31. Qb2 Nxd4 32. Nxd4 0-1

[Event "III Festival A"]
[Site "Forni di Sopra ITA"]
[Date "2012.06.17"]
[Round "2"]
[White "Rubini, Alessandro"]
[Black "Hansson, Hakan"]
[Result "0-1"]
[WhiteElo "1926"]
[BlackElo "2093"]
[PlyCount "104"]
[EventDate "2012.06.16"]

1. e4 e6 2. d4 d5 3. Nc3 Nf6 4. Bg5 dxe4 5. Nxe4 Be7 6. Nxf6+ Bxf6 7. Bxf6 Qxf6
8. Nf3 Nd7 9. Qd2 O-O 10. O-O-O c5 11. Bb5 cxd4 12. Qxd4 Qxd4 13. Rxd4 Nf6 14.
Rhd1 a6 15. Ba4 b5 16. Bb3 Bb7 17. a4 Rfc8 18. R1d3 Kf8 19. g3 Rc5 20. Kb1 e5
21. Rd7 Nxd7 22. Rxd7 Bxf3 23. Rxf7+ Ke8 24. Rxf3 Rac8 25. axb5 axb5 26. Re3
Kd7 27. Re4 Rf8 28. Re2 Re8 29. f3 Kc7 30. c3 Rf8 31. Re3 Kd6 32. Rd3+ Ke7 33.
Bc2 Rfc8 34. Re3 g6 35. Re4 Kd6 36. Re2 Rb8 37. Be4 b4 38. Rd2+ Ke7 39. Kc2
bxc3 40. bxc3 Rbc8 41. Rd3 Ra5 42. h3 Ra2+ 43. Kb3 Rh2 44. f4 exf4 45. gxf4 Rf2
46. Re3 Rb8+ 47. Ka3 Kf6 48. h4 Rxf4 49. Rf3 Ke5 50. Rxf4 Kxf4 51. Bd5 Ke5 52.
c4 Kd4 0-1

[Event "III Festival A"]
[Site "Forni di Sopra ITA"]
[Date "2012.06.17"]
[Round "2"]
[White "Semeria, Marco"]
[Black "Saravanan, Venkatachalam"]
[Result "0-1"]
[WhiteElo "2042"]
[BlackElo "2401"]
[PlyCount "66"]
[EventDate "2012.06.16"]

1. e4 c5 2. Nf3 d6 3. d4 cxd4 4. Nxd4 Nf6 5. Nc3 a6 6. Be2 e5 7. Nb3 Be7 8. a4
O-O 9. O-O Be6 10. Be3 Nbd7 11. f4 Qc7 12. f5 Bc4 13. Bxc4 Qxc4 14. Nd2 Qc6 15.
Qf3 b5 16. Kh1 Rfc8 17. g4 b4 18. Nd5 Nxd5 19. exd5 Qxc2 20. g5 Bf8 21. g6 fxg6
22. Ne4 Rc4 23. Ng5 Qxf5 24. Qg3 Qg4 25. Qf2 Nf6 26. b3 Rc3 27. h3 Qf5 28. Qh4
Qd3 29. Rxf6 h6 30. Raf1 gxf6 31. Rxf6 hxg5 32. Qxg5 Bg7 33. Rxg6 Qxd5+ 0-1

[Event "III Festival A"]
[Site "Forni di Sopra ITA"]
[Date "2012.06.17"]
[Round "2"]
[White "Welling, Gerard"]
[Black "Alsina Leal, Daniel"]
[WhiteElo "2333"]
[BlackElo "2540"]
[Result "0-1"]
[PlyCount "114"]
[EventDate "2012.06.16"]

1. d4 Nf6 2. Nf3 g6 3. Nbd2 d5 4. e3 Bg7 5. b4 O-O 6. Be2 Ne4 7. Bb2 Qd6 8. a3
Nxd2 9. Qxd2 Nd7 10. c4 dxc4 11. Bxc4 Nb6 12. Bb3 Be6 13. Qc2 c6 14. O-O Bxb3
15. Qxb3 Qd5 16. Qc2 a5 17. Rfc1 axb4 18. axb4 Qb5 19. Bc3 Ra4 20. Rxa4 Nxa4
21. Bd2 Rd8 22. h3 e6 23. Ra1 Ra8 24. Be1 Bf8 25. Ne5 Nb6 26. Rxa8 Nxa8 27. Qa2
Nb6 28. Qa5 Qe2 29. Nf3 Nd5 30. Qd8 Kg7 31. Qd7 b5 32. Qxc6 Bxb4 33. Bxb4 Nxb4
34. Qc3 Nd5 35. Qd2 Qxd2 36. Nxd2 f5 37. Kf1 Nc3 38. Nb3 Kf6 39. Ke1 e5 40.
dxe5+ Kxe5 41. f3 Kd5 42. Kd2 Na4 43. h4 b4 44. Nd4 Kc4 45. h5 Nc5 46. hxg6
hxg6 47. Nc6 b3 48. Nd4 f4 49. Nxb3 Nxb3+ 50. Ke2 fxe3 51. Kxe3 Kd5 52. Kf4 Ke6
53. Kg5 Kf7 54. Kf4 Kf6 55. g4 Nc5 56. Kg3 Ke5 57. f4+ Ke4 0-1

[Event "III Festival A"]
[Site "Forni di Sopra ITA"]
[Date "2012.06.17"]
[Round "2"]
[White "Xia, Jie"]
[Black "Arun Prasad, Subramanian"]
[WhiteElo "2300"]
[BlackElo "2519"]
[Result "1/2-1/2"]
[PlyCount "41"]
[EventDate "2012.06.16"]

1. e4 c5 2. Nf3 d6 3. d4 cxd4 4. Nxd4 Nf6 5. Nc3 a6 6. Bg5 e6 7. f4 Be7 8. Qf3
h6 9. Bxf6 Bxf6 10. O-O-O Qb6 11. Nde2 Qc7 12. g4 Nd7 13. h4 Be7 14. g5 b5 15.
g6 fxg6 16. Rg1 Nf8 17. Bh3 b4 18. e5 Bb7 19. Ne4 Rc8 20. Nd4 dxe5 21. fxe5
1/2-1/2